| 000 | 00708nam a22002537a 4500 | ||
|---|---|---|---|
| 999 |
_c6905 _d6905 |
||
| 001 | 6905 | ||
| 003 | BD-JhCC | ||
| 005 | 20180301195342.0 | ||
| 008 | 180131b xxu||||| |||| 00| 0 eng d | ||
| 035 | _a(BD-JhCC)6905 | ||
| 040 |
_aBD-JhCC _dBD-JhCC |
||
| 041 | _aeng | ||
| 082 |
_a518 _bPRE 1970 |
||
| 100 |
_a Preston, Adams _c1930- |
||
| 245 |
_aThe Study of Botany / _cAdams Preston, Jeffrey J W Baker; Garland E Allen |
||
| 260 |
_aLondon : _bAddison - wesley Publishin company, _c1970. |
||
| 300 |
_a556 p. : _c26 cm. |
||
| 490 | _aAddison-Wesley series in life science | ||
| 650 | _aBotany | ||
| 700 | _aBaker, Jeffrey J W | ||
| 700 | _aAllen, Garland E | ||
| 942 |
_2ddc _cBK |
||